000 01105nam a2200277 a 4500
001 000012329
003 DO-SdBNP
005 20250204073951.0
008 091111s2006 dr a r 001 f spa d
020 _a9945140035
040 _aDO-SdBNP
_bspa
_cBNPHU
082 4 _a863.309
_bC419zc, 2006.
_222
100 1 _aCervantes Saavedra, Miguel de,
_d1547-1616
_93070
245 1 4 _aLos capítulos más bellos de El Quijote /
_ccompiladores Mariano Lebrón Saviñón, Tomás Castro Burdiez.
250 _a3ª ed.
260 _aSanto Domingo :
_bFundación Educarte,
_bCorripio,
_c2006.
300 _a200 p. :
_bil. ;
_c23 cm.
590 _aInventariado, 2019/BT
600 1 4 _aCERVANTES SAAVEDRA, MIGUEL DE,
_d1547-1616,
_tEL QUIJOTE
_xCRÍTICA E INTERPRETACIÓN
_928997
650 4 _aNovela española
_xHistoria y crítica
_912614
650 4 _aLiteratura española
_xHistoria y crítica
_zPeríodo Clásico, 1500-1700
_928998
700 1 2 _aLebrón Saviñon, Mariano
_d1922-2014
_ecomp.
_97227
700 2 _aCastro, Tomás,
_d1959-
_ecomp.
_924641
910 _aValidado. Control de calidad. EMS
942 _2ddc
_cLBS1
999 _c11986
_d11986